| 000 | 00657nam a2200229Ia 4500 | ||
|---|---|---|---|
| 005 | 20210223123950.0 | ||
| 008 | 131103s9999 xx 000 0 und d | ||
| 040 | _aLoreto College | ||
| 041 | _aEnglish | ||
| 082 |
_a821.7 _bBYR-MAU |
||
| 100 | _aMaurois, Andre | ||
| 245 |
_aByron _cby Andre Maurois; translated from the French by Hamish Miles |
||
| 260 |
_aLondon _bJonathancape _c1930 |
||
| 300 |
_a464 p. _b ill. |
||
| 504 | _aIncludes index | ||
| 600 | _aByron, Lord (22 January 1788 – 19 April 1824) | ||
| 650 | _aEnglish Poetry | ||
| 651 | _aByron, Lord - Critical Study | ||
| 700 |
_aMiles, Hamish _4tr. |
||
| 850 | _aLCLIB | ||
| 942 | _cBK | ||
| 999 |
_c6484 _d56963 |
||